| 000 | 00754nam a22002057a 4500 | ||
|---|---|---|---|
| 010 | _a1718CH-EN | ||
| 020 |
_a9780806972497 _c250.00 |
||
| 035 | _aB-673517-530 | ||
| 037 |
_aDPL _bBSB |
||
| 082 | _aS | ||
| 100 | _aLevine, Shar | ||
| 245 |
_aFirst science experiments: _bwonderful weather / _cby Shar Levine [and] Leslie Johnstone; illustrated by Steve Harpster |
||
| 260 |
_aNew York _bSterling Pub. _c2016 |
||
| 270 |
_a387, Park Avenue South, _bNew York _e10016 |
||
| 300 |
_a48p. _c20cm(Hb) |
||
| 700 | _aJohnstone, Leslie | ||
| 700 | _aHarpster, Steve | ||
| 942 |
_2ddc _cCH _mLEV _hS |
||
| 999 |
_c141538 _d141538 |
||